000 00258nam a2200097Ia 4500
005 20251222114341.0
008 251222s1900||||xx |||||||||||||| ||spa||
082 _aDVD0112/L22/2005/Ej.2
245 0 _aBoo: aventuras en el campo:Boo: Country Adventures
942 _cDVD
999 _c849
_d849